Random Greek Letters - Statistics

General Stats
  • This quiz has been taken 117 times
  • The average score is 7 of 10
Answer Stats
letter % Correct
Β beta
100%
Δ delta
100%
Ω omega
100%
Π pi
89%
Α alpha
88%
Ζ zeta
80%
Ο omicron
78%
Κ kappa
77%
Ν nu
71%
Θ theta
71%
Λ lambda
69%
Φ phi
69%
Σ sigma
67%
Ξ xi
67%
Ρ rho
64%
Ε epsilon
60%
Γ gamma
60%
Ι iota
60%
Τ tau
56%
Χ chi
50%
Ψ psi
44%
Η eta
30%
Μ mu
29%
Υ upsilon
15%
No matching quizzes found
Score Distribution
Percent of People with Each Score
Percentile by Number Answered
Your Score History
You have not taken this quiz